[Event "Mechanics' Alan Benson TNM; G/2"]
[Site "San Francisco"]
[Date "2016.08.16"]
[Round "3.36"]
[White "Yanofsky, Kevin"]
[Black "Kondakova, Elena"]
[Result "1-0"]
[WhiteElo "1415"]
[BlackElo "1182"]
[PlyCount "89"]
[EventDate "2016.??.??"]

1. d4 Nf6 2. c4 g6 3. Nc3 Bg7 4. e4 d6 5. Nf3 O-O 6. Be2 e5 7. O-O Bg4 8. d5
Nbd7 9. Bg5 Rb8 10. b4 c6 11. Rc1 Qb6 12. Qb3 Bxf3 13. Bxf3 c5 14. Be3 Qxb4 15.
Qxb4 cxb4 16. Na4 Rfc8 17. Bxa7 Ra8 18. Nb6 Nxb6 19. Bxb6 Rxa2 20. c5 dxc5 21.
Rxc5 Rxc5 22. Bxc5 b3 23. Bd1 b2 24. Bc2 b5 25. Bb4 Bf8 26. Bc3 Ba3 27. Bxe5
Nd7 28. Bd4 Nc5 29. d6 Ra1 30. Rxa1 bxa1=Q+ 31. Bxa1 Nd7 32. e5 Kf8 33. Bd4 Ke8
34. Bb3 b4 35. f4 Bc1 36. g3 h6 37. Kg2 g5 38. Kf3 gxf4 39. gxf4 Bd2 40. Be3
Be1 41. Bf2 Bc3 42. Ba4 f6 43. e6 Kd8 44. Bxd7 b3 45. Bb6# 1-0

[Event "Mechanics' Fall TNM; G/2"]
[Site "San Francisco"]
[Date "2016.11.22"]
[Round "6.21"]
[White "Yanofsky, Kevin"]
[Black "Melville, Cailen"]
[Result "1-0"]
[WhiteElo "1694"]
[BlackElo "1872"]
[PlyCount "43"]
[EventDate "2016.??.??"]

1. d4 e6 2. Nf3 f5 3. g3 b6 4. Bg2 Bb7 5. c4 Nf6 6. O-O g6 7. d5 exd5 8. Nd4 c6
9. cxd5 Nxd5 10. e4 fxe4 11. Re1 Be7 12. Bh6 Na6 13. Bxe4 Nac7 14. Nc3 a6 15.
Nxd5 Nxd5 16. Bxd5 cxd5 17. Bg5 Rf8 18. Rxe7+ Qxe7 19. Bxe7 Kxe7 20. Qb3 b5 21.
Qb4+ d6 22. Re1+ 1-0

[Event "Mechanics' Fall TNM; G/2"]
[Site "San Francisco"]
[Date "2016.10.25"]
[Round "2.20"]
[White "Yanofsky, Kevin"]
[Black "Wong, Russell"]
[Result "0-1"]
[WhiteElo "1694"]
[BlackElo "2200"]
[PlyCount "98"]
[EventDate "2016.??.??"]

1. d4 Nf6 2. c4 c5 3. d5 e5 4. Nc3 d6 5. e4 Be7 6. Bd3 O-O 7. h3 Ne8 8. Nf3 a6
9. O-O Nd7 10. Qe2 g6 11. Bh6 Ng7 12. Nd2 Bg5 13. Bxg5 Qxg5 14. Qe3 Qe7 15. f4
exf4 16. Qxf4 Ne5 17. Be2 Bd7 18. Nf3 Rae8 19. Nxe5 Qxe5 20. Qxe5 Rxe5 21. Rae1
Ne8 22. Bd3 Kg7 23. Rf2 Nc7 24. Ref1 f6 25. g4 b5 26. b3 b4 27. Nd1 Ree8 28.
Ne3 a5 29. a4 h5 30. Rh2 hxg4 31. hxg4 Rh8 32. Rff2 Rxh2 33. Rxh2 Na8 34. Kf2
Nb6 35. Bc2 Bc8 36. Rh1 Nd7 37. Rh4 Ne5 38. Bd1 Nf7 39. Bc2 Ng5 40. Kg2 Nxe4
41. Nf1 g5 42. Rh3 Bxg4 43. Re3 f5 44. Ng3 Nf6 45. Rxe8 Nxe8 46. Bxf5 Bd1 47.
Ne4 Bxb3 48. Bd7 Nf6 49. Nxd6 Nxd7 0-1

[Event "Mechanics' Alan Benson TNM; G/2"]
[Site "San Francisco"]
[Date "2016.09.13"]
[Round "7.28"]
[White "Yanofsky, Kevin"]
[Black "Yang, Eric"]
[Result "0-1"]
[WhiteElo "1415"]
[BlackElo "1851"]
[PlyCount "56"]
[EventDate "2016.??.??"]

1. d4 Nf6 2. c4 g6 3. Nc3 Bg7 4. e4 d6 5. Nf3 O-O 6. Be2 e5 7. O-O Nc6 8. d5
Ne7 9. Ne1 Nd7 10. Nd3 f5 11. f3 f4 12. b4 g5 13. c5 Nf6 14. Bd2 h5 15. cxd6
cxd6 16. Nf2 Ng6 17. Rc1 Rf7 18. a4 Bf8 19. h3 Nh4 20. Be1 Rg7 21. Nb5 g4 22.
hxg4 hxg4 23. fxg4 Nh5 24. Nd3 Ng3 25. Bxg3 fxg3 26. Ne1 Qb6+ 27. Kh1 Rh7 28.
g5 Nf3# 0-1

[Event "Mechanics' Winter TNM; G/2"]
[Site "San Francisco"]
[Date "2016.02.02"]
[Round "5.42"]
[White "Zulkhuu, Jamyandag"]
[Black "Donnelly, Patrick"]
[Result "0-1"]
[WhiteElo "1049"]
[BlackElo "1539"]
[PlyCount "22"]
[EventDate "2016.??.??"]

1. e4 e5 2. Nf3 Nc6 3. Bc4 Nf6 4. Ng5 d5 5. Nxf7 Kxf7 6. Bb3 Nxe4 7. Qf3+ Nf6
8. Nc3 Be6 9. d3 Nd4 10. Qe3 Nxb3 11. axb3 d4 {and later 0-1.} 0-1

[Event "Mechanics' Winter TNM; G/2"]
[Site "San Francisco"]
[Date "2016.01.19"]
[Round "3.15"]
[White "Zulkhuu, Jamyandag"]
[Black "Klinetobe, David"]
[Result "0-1"]
[WhiteElo "1049"]
[BlackElo "2000"]
[PlyCount "44"]
[EventDate "2016.??.??"]

1. e4 e6 2. d4 d5 3. Nc3 Bb4 4. Bd3 dxe4 5. Bb5+ $2 Bd7 6. Bc4 Nf6 7. Bg5 Bc6
8. Nge2 Bd5 9. O-O Bxc4 10. a3 Bxc3 11. bxc3 Nbd7 12. Re1 h6 13. Bh4 O-O 14.
Nf4 g5 15. Bxg5 hxg5 16. Nh3 g4 17. Ng5 Nb6 18. Qd2 Qd5 19. Qf4 Qf5 20. Qe3
Nfd5 21. Qc1 e3 22. Rxe3 Qxg5 {and Black later won.} 0-1